| 000 | 00701nam a2200193Ia 4500 | ||
|---|---|---|---|
| 008 | 151121s9999||||xx |||||||||||||| ||und|| | ||
| 082 | _a910/सहस्त्र | ||
| 082 | _bHNW-33929 | ||
| 100 | _aसहस्त्रबुद्धे विद्याधर | ||
| 245 | _aमहासागर | ||
| 260 | _b"अनिरुद्ध साहित्य प्रकाशन, पुणे।" | ||
| 260 | _c-- | ||
| 300 | _a220 | ||
| 600 | _aसहस्त्रबुद्धे विद्याधर | ||
| 630 | _aमहासागर | ||
| 700 | _aसहस्त्रबुद्धे विद्याधर | ||
| 730 | _aमहासागर | ||
| 942 | _cBOOK | ||
| 999 |
_c1227021 _d1227018 |
||